Score 0/28 Timer 04:00
2 Plays Today
Hint 4-Letter Word % Correct
❄ Queen of Arendelle ❄ELSA
94%
❄ Princess of Arendelle ❄ANNA
89.3%
❄ Kristoff's loyal reindeer ❄SVEN
87%
Nothing ____ mattersELSE
85.5%
❄ Prince of the Southern Isles ❄HANS
84.2%
❄ Snowman who likes warm hugs ❄OLAF
84.2%
Put your mind at ____EASE
83.5%
'When _ ___ Loves a Woman'A MAN
80.9%
Not oddEVEN
79.1%
AdolescentTEEN
78.4%
Roosters' matesHENS
76.9%
ObservedSEEN
76.4%
Last word in the BibleAMEN
74.1%
Golf ball supportsTEES
74%
Hint 4-Letter Word % Correct
Jessica who starred in 'Fantastic Four'ALBA
74%
Alexander Hamilton bills (US)TENS
72.3%
____-SeltzerALKA
71.6%
Biblical paradiseEDEN
71.1%
Napoleon's isle of exileELBA
66.1%
Where a runner might get tagged outBASE
65.1%
Back-breaking enemy of BatmanBANE
62.2%
Gulf off the coast of YemenADEN
61.6%
RestrictionsBANS
59.8%
'Put Your Head on My Shoulder' singerANKA
59.4%
Actor Arkin or AldaALAN
56.9%
Oil of ____ (Procter & Gamble brand)OLAY
54%
Custard dessertFLAN
53.5%
Strip the skin off ofFLAY
47.6%

Today's Daily Dose

Remove Ads.
Support Sporcle.
Get the best of Sporcle when you Go Orange. This ad-free experience offers more features, more stats, and more fun while also helping to support Sporcle. Thank you for becoming a member.

You're not logged in!

Compare scores with friends on all Sporcle quizzes.
OR
Log In

Show Comments

Extras

Top Quizzes Today


Score Distribution

Your Account Isn't Verified!

In order to create a playlist on Sporcle, you need to verify the email address you used during registration. Go to your Sporcle Settings to finish the process.

Report this User

Report this user for behavior that violates our Community Guidelines.

Details: